The chronicle of Iohn Hardyng. : Containing an account of public transactions from the earliest period of English history to the beginning of the reign of King Edward the Fourth /

Bibliographic Details
Main Author: Hardyng, John, 1378-1465?
Other Authors: Grafton, Richard, -1572?
Format: Book
Language:English
Published: [New York] : [AMS Press], [1974]
Subjects:

MARC

Tag First Indicator Second Indicator Subfields
LEADER 00000cam a2200000 4500
001 in00000308949
005 20151010093913.0
008 731004r19741812nyu b 00110aeng
010 |a  75178538  
035 |a (OCoLC)00726567 
035 |9 ABG8632AM 
040 |a DLC  |c DLC  |d TXA  |d UtOrBLW 
049 |a TXAM  |c [1336750] 
050 0 0 |a DA130  |b .H35 1974 
100 1 |a Hardyng, John,  |d 1378-1465? 
245 1 4 |a The chronicle of Iohn Hardyng. :  |b Containing an account of public transactions from the earliest period of English history to the beginning of the reign of King Edward the Fourth /  |c Together with the continuation by Richard Grafton, to the thirty fourth year of King Henry the Eighth. The former part collated with two manuscripts of the author's own time; the last, with Grafton's duplicate edition. To which are added a biographical and literary preface, and an index, by Henry Ellis. London, Printed for F. C. and J. Rivington [etc.] 1812. 
264 1 |a [New York] :  |b [AMS Press],  |c [1974] 
300 |a xxi, 607 pages 
336 |a text  |b txt  |2 rdacontent 
337 |a unmediated  |b n  |2 rdamedia 
338 |a volume  |b nc  |2 rdacarrier 
651 0 |a Great Britain  |x History  |y To 1485. 
651 0 |a Great Britain  |x History  |y Tudors, 1485-1603. 
700 1 |a Grafton, Richard,  |d -1572? 
999 |a MARS 
999 f f |s c6630770-f19a-3823-a2b6-20a3e9801f01  |i 07a6deac-c550-392c-ab34-d4450e1d2c2d  |t 0 
952 f f |p normal  |a Texas A&M University  |b College Station  |c Sterling C. Evans Library  |d Evans: Library Stacks  |t 0  |e DA130 .H35 1974  |h Library of Congress classification  |i unmediated -- volume  |m A14801914487 
998 f f |a DA130 .H35 1974  |t 0  |l Evans: Library Stacks